AI, Painting, or Photo? - Statistics

General Stats
  • This quiz has been taken 323 times
  • The average score is 7 of 15
Answer Stats
Hint Explanation Answer % Correct
Created with Midjourney AI
70%
Taken by Julia Petroff Photo
67%
Taken by the James Webb Space Telescope Photo
60%
Created with Midjourney AI
58%
Generated by Midjourney V4 AI
58%
Generated by Midjourney V4 AI
55%
Generated by Midjourney V5 AI
52%
Taken by Timo Lemmetti Photo
52%
Taken by Klaus Lenzen Photo
48%
"Roundabout" by Roberto Bernardi Painting
42%
"Flower Series #24" by Dennis Wojtkiewicz Painting
39%
"Pears" by Pedro Campos Painting
39%
Taken by Alberto Seveso Photo
32%
"Archimedes' Principle" by Jason de Graaf Painting
30%
"Right Panel" by Steve Mill Painting
17%
No matching quizzes found
Score Distribution
Percent of People with Each Score
Percentile by Number Answered
Your Score History
You have not taken this quiz